[Event "DEM U14 2000"]
[Site "Überlingen GER"]
[Date "2000.06.04"]
[Round "2"]
[White "Jachnowitsch, Kristijan"]
[Black "Dorongovski, Michael"]
[Result "0-1"]
[Termination "normal"]
[Board "12"]
[WhiteElo "1697"]
[BlackElo "1193"]
[PlyCount "106"]
[EventCountry "GER"]
[EventRounds "9"]
[EventType "swiss"]
[EventDate "2000.06.03"]

1. d4 e6 2. Nf3 d5 3. b3 Nf6 4. Bb2 c5 5. e3 Nc6 6. Nbd2 Bd7 7. a3 Be7 8. Bd3
Qc7 9. Ne5 cxd4 10. exd4 Bd6 11. f4 Ng8 12. O-O f6 13. Qh5+ Ke7 14. Nf7 g6 15.
Bxg6 hxg6 16. Qxh8 Kxf7 17. Qh7+ Kf8 18. Qxg6 Bxf4 19. Nf3 Be3+ 20. Kh1 Nce7
21. Qh7 Rc8 22. Ne5 Be8 23. Rae1 Bd2 24. Re2 Qxc2 25. Qxc2 Rxc2 26. Nd3 Bb5 27.
Rf3 Bxd3 28. Rxd3 Rxb2 29. Rexd2 Rxd2 30. Rxd2 Nc6 31. b4 a6 32. h3 Nge7 33. g4
Kg7 34. Kg2 f5 35. g5 Kg6 36. h4 Kh5 37. Kg3 Ng6 38. a4 Nxh4 39. Rh2 f4+ 40.
Kxf4 Nxd4 41. Ke3 Ndf3 42. Rc2 Kxg5 43. Rc7 Kf5 44. Rxb7 e5 45. b5 d4+ 46. Ke2
axb5 47. axb5 e4 48. Re7 d3+ 49. Kd1 Ng2 50. Rd7 Ne3+ 51. Kc1 d2+ 52. Rxd2 Nxd2
53. Kxd2 Nd5 0-1

[Event "DEM U14 2000"]
[Site "Überlingen GER"]
[Date "2000.06.05"]
[Round "3"]
[White "Baramidze, David"]
[Black "Siepmann, Martin"]
[Result "1-0"]
[Termination "normal"]
[Board "1"]
[WhiteElo "2154"]
[BlackElo "1666"]
[PlyCount "101"]
[WhiteFideId "4667719"]
[EventCountry "GER"]
[EventRounds "9"]
[EventType "swiss"]
[EventDate "2000.06.03"]

1. e4 e6 2. d4 d5 3. Nd2 Nc6 4. Ngf3 Nf6 5. e5 Nd7 6. c3 Be7 7. Bd3 f6 8. exf6
Bxf6 9. O-O O-O 10. Re1 e5 11. dxe5 Ndxe5 12. Nxe5 Nxe5 13. Rxe5 Bxe5 14. Qh5
Bxh2+ 15. Qxh2 Bf5 16. Bxf5 Rxf5 17. Nf3 d4 18. cxd4 c5 19. Be3 cxd4 20. Nxd4
Rd5 21. Qf4 Qd7 22. Rc1 Rf8 23. Qe4 Re8 24. Qd3 Rd8 25. Qb3 Kh8 26. Nf3 Rd1+
27. Rxd1 Qxd1+ 28. Qxd1 Rxd1+ 29. Kh2 a6 30. Kg3 Kg8 31. Kf4 Rd5 32. Ne5 Ra5
33. a3 Ra4+ 34. Kf5 b5 35. Bd2 Rh4 36. g3 Rh2 37. Be3 Rh1 38. Nd3 Rh5+ 39. Ke4
Kf7 40. Nb4 a5 41. Nc6 a4 42. g4 Rh4 43. f4 Rh2 44. Bd4 h5 45. gxh5 Rxh5 46. f5
Rh1 47. Bc3 Rh6 48. Nd8+ Ke7 49. Bxg7 Rh1 50. f6+ Kxd8 51. f7 1-0

[Event "DEM U14 2000"]
[Site "Überlingen GER"]
[Date "2000.06.05"]
[Round "3"]
[White "Heinz, Axel"]
[Black "Rohde, Torsten"]
[Result "1/2-1/2"]
[Termination "normal"]
[Board "2"]
[WhiteElo "2129"]
[BlackElo "2071"]
[PlyCount "68"]
[WhiteFideId "4667557"]
[BlackFideId "4665007"]
[EventCountry "GER"]
[EventRounds "9"]
[EventType "swiss"]
[EventDate "2000.06.03"]

1. e4 c5 2. Nf3 d6 3. Bb5+ Bd7 4. Bxd7+ Qxd7 5. O-O Nc6 6. c3 Nf6 7. Qe2 e6 8.
d4 cxd4 9. cxd4 d5 10. e5 Ng8 11. Nc3 Nge7 12. Be3 Nc8 13. Rac1 Nb6 14. Nd2 g6
15. Qd3 Bg7 16. Nb3 O-O 17. Nc5 Qe7 18. b3 a6 19. f4 Nd7 20. Nxd7 Qxd7 21. Na4
Qe7 22. Rc3 Nb4 23. Qe2 Rfc8 24. Rfc1 Rxc3 25. Rxc3 Qd8 26. a3 Nc6 27. Qc2 Bf8
28. Nc5 Bxc5 29. Rxc5 Rc8 30. a4 Na7 31. Bd2 Rxc5 32. Qxc5 b6 33. Qc3 Qc8 34.
Qxc8+ Nxc8 1/2-1/2

[Event "DEM U14 2000"]
[Site "Überlingen GER"]
[Date "2000.06.05"]
[Round "3"]
[White "Nazarenus, Moritz"]
[Black "Herzenstein, Georg"]
[Result "1-0"]
[Termination "normal"]
[Board "3"]
[WhiteElo "1886"]
[BlackElo "1615"]
[PlyCount "55"]
[WhiteFideId "4670540"]
[BlackFideId "4678400"]
[EventCountry "GER"]
[EventRounds "9"]
[EventType "swiss"]
[EventDate "2000.06.03"]

1. d4 Nf6 2. Nf3 e6 3. Bg5 h6 4. Bh4 b6 5. Nbd2 Bb7 6. e3 c5 7. c3 d6 8. Bd3
Nbd7 9. O-O Be7 10. Qe2 O-O 11. a4 a5 12. Rfe1 e5 13. dxe5 Nxe5 14. Nxe5 dxe5
15. Rad1 Qc7 16. Bg3 Qc6 17. f3 Qe6 18. Bc4 Qf5 19. e4 Qg5 20. Nf1 Nh5 21. Bd5
Bxd5 22. Rxd5 Nxg3 23. hxg3 Qf6 24. Ne3 Qc6 25. Nf5 Bg5 26. f4 exf4 27. gxf4
Rfe8 28. fxg5 1-0

[Event "DEM U14 2000"]
[Site "Überlingen GER"]
[Date "2000.06.05"]
[Round "3"]
[White "Eisenbeiser, Amadeus"]
[Black "Fiebig, Thomas"]
[Result "1/2-1/2"]
[Termination "normal"]
[Board "4"]
[WhiteElo "1828"]
[BlackElo "1636"]
[PlyCount "76"]
[WhiteFideId "4678338"]
[BlackFideId "4693922"]
[EventCountry "GER"]
[EventRounds "9"]
[EventType "swiss"]
[EventDate "2000.06.03"]

1. e4 e6 2. d4 d5 3. Nc3 Nf6 4. Bg5 Bb4 5. exd5 exd5 6. Qf3 Be6 7. Bd3 Nbd7 8.
Nge2 O-O 9. O-O Bg4 10. Qxg4 Nxg4 11. Bxd8 Raxd8 12. Nxd5 Bd6 13. h3 Ngf6 14.
Nxf6+ Nxf6 15. c3 g6 16. Rad1 Rd7 17. Rd2 Rfd8 18. Rfd1 a6 19. Bc2 c5 20. dxc5
Bh2+ 21. Kxh2 Rxd2 22. Rxd2 Rxd2 23. Nd4 Rxf2 24. Kg3 Rd2 25. Kf3 Nd7 26. b4
Ne5+ 27. Kf4 f6 28. Bb3+ Kf8 29. Bd5 Nc6 30. Bxc6 bxc6 31. Nxc6 Rxa2 32. g3 Ra3
33. c4 Ke8 34. b5 axb5 35. cxb5 Kd7 36. Nd4 Rc3 37. c6+ Kd6 38. h4 Rc4 1/2-1/2

[Event "DEM U14 2000"]
[Site "Überlingen GER"]
[Date "2000.06.05"]
[Round "3"]
[White "Fehsenfeld, Frithjof"]
[Black "Schneider, Andreas"]
[Result "1-0"]
[Termination "normal"]
[Board "5"]
[WhiteElo "1760"]
[BlackElo "1879"]
[PlyCount "105"]
[BlackFideId "24606022"]
[EventCountry "GER"]
[EventRounds "9"]
[EventType "swiss"]
[EventDate "2000.06.03"]

1. d4 d5 2. c4 e6 3. Nc3 c6 4. e3 f5 5. Bd3 Nf6 6. Nf3 Bd6 7. Bd2 Nbd7 8. cxd5
cxd5 9. O-O a6 10. Rc1 O-O 11. Qb3 Ne4 12. Ne2 Ndf6 13. Bb4 g5 14. Bxd6 Qxd6
15. Qc2 Bd7 16. Nc3 Rac8 17. Ne5 Qe7 18. f3 Nd6 19. Qe2 Bc6 20. Rc2 b5 21. Rfc1
Nc4 22. Nxc6 Rxc6 23. b3 Na5 24. Nxd5 Nxd5 25. Rxc6 Nxc6 26. Rxc6 Nb4 27. Rc5
Qg7 28. Qd2 Nd5 29. Bc2 g4 30. f4 Qd7 31. b4 Rc8 32. Bb3 Nb6 33. Qc3 Kf8 34.
Rxc8+ Nxc8 35. Qc5+ Ke8 36. d5 exd5 37. Qxd5 Qxd5 38. Bxd5 Nd6 39. Kf2 Ke7 40.
Ke2 Ne8 41. Kd3 Kd6 42. Kd4 h6 43. Bb7 Nc7 44. Bc8 Nd5 45. a3 Ne7 46. Bxa6 Kc6
47. Ke5 Kb6 48. Kd6 Ng6 49. Bc8 Nh4 50. g3 Nf3 51. Bxf5 Nxh2 52. e4 h5 53. e5
1-0

[Event "DEM U14 2000"]
[Site "Überlingen GER"]
[Date "2000.06.05"]
[Round "3"]
[White "Werner, Daniel"]
[Black "Abraham, Jan-Willem"]
[Result "0-1"]
[Termination "normal"]
[Board "6"]
[WhiteElo "2030"]
[BlackElo "1767"]
[PlyCount "102"]
[WhiteFideId "4662814"]
[EventCountry "GER"]
[EventRounds "9"]
[EventType "swiss"]
[EventDate "2000.06.03"]

1. e4 c5 2. Nf3 Nc6 3. Nc3 e5 4. Bc4 d6 5. d3 h6 6. O-O g5 7. Nd5 Bg7 8. c3 Be6
9. Ne1 Qd7 10. Nc2 Nf6 11. Nce3 O-O 12. Qf3 Bxd5 13. Bxd5 Ne7 14. Bb3 Rad8 15.
c4 Kh8 16. Nf5 g4 17. Qg3 Nxf5 18. exf5 Qxf5 19. Bc2 Nh5 20. Qe3 Nf4 21. f3 Rg8
22. Rf2 Bf6 23. Qe4 Qxe4 24. dxe4 g3 25. hxg3 Rxg3 26. Kh2 Rdg8 27. Bxf4 exf4
28. Ba4 Bd4 29. Rd2 R8g5 30. Bd7 Kg7 31. Rad1 Kf6 32. Bg4 Ke7 33. b4 Kd8 34.
bxc5 dxc5 35. Re2 Re5 36. Rb2 Kc7 37. Rb5 b6 38. Rxd4 a6 39. Rd7+ Kc6 40. Rxf7
axb5 41. Rxf4 Rxg4 42. cxb5+ Kxb5 43. Rxg4 c4 44. Rh4 c3 45. Kg3 c2 46. Rh1 Kc4
47. f4 Rxe4 48. f5 Kd3 49. f6 Re6 50. f7 Rf6 51. Rxh6 c1=Q 0-1

[Event "DEM U14 2000"]
[Site "Überlingen GER"]
[Date "2000.06.05"]
[Round "3"]
[White "Dorongovski, Michael"]
[Black "Knörzer, Michael"]
[Result "0-1"]
[Termination "normal"]
[Board "7"]
[WhiteElo "1193"]
[BlackElo "1826"]
[PlyCount "68"]
[EventCountry "GER"]
[EventRounds "9"]
[EventType "swiss"]
[EventDate "2000.06.03"]

1. e4 c5 2. Nf3 d6 3. d4 cxd4 4. Nxd4 Nf6 5. Nc3 a6 6. Be2 e6 7. Bg5 Be7 8. Qd2
Nbd7 9. Rd1 Qc7 10. f4 h6 11. Bh4 Nxe4 12. Nxe4 Bxh4+ 13. g3 Be7 14. Bh5 Nf6
15. Bf3 O-O 16. g4 Nxe4 17. Bxe4 d5 18. Bd3 Bd6 19. f5 e5 20. Ne2 Rd8 21. c3
Bf8 22. Be4 b5 23. Bg2 Bb7 24. Rg1 Bc5 25. Rf1 f6 26. h4 Qb6 27. Qd3 d4 28.
Bxb7 Qxb7 29. cxd4 Bxd4 30. Qb3+ Kh7 31. Nxd4 exd4 32. Qf3 Qc7 33. Qf4 Qc2 34.
Rf2 Re8+ 0-1

[Event "DEM U14 2000"]
[Site "Überlingen GER"]
[Date "2000.06.05"]
[Round "3"]
[White "Laßan, Christian"]
[Black "Krämer, Martin"]
[Result "1/2-1/2"]
[Termination "normal"]
[Board "8"]
[WhiteElo "1684"]
[BlackElo "1801"]
[PlyCount "81"]
[WhiteFideId "4685997"]
[BlackFideId "4671910"]
[EventCountry "GER"]
[EventRounds "9"]
[EventType "swiss"]
[EventDate "2000.06.03"]

1. f4 c5 2. b3 d5 3. Nf3 Nc6 4. e3 Nf6 5. Bb5 Bd7 6. Bb2 e6 7. O-O Bd6 8. d3
O-O 9. Bxc6 Bxc6 10. Ne5 Rc8 11. Nd2 b5 12. g4 Nd7 13. Nxd7 Bxd7 14. Nf3 Qc7
15. Be5 f6 16. Bxd6 Qxd6 17. Qd2 e5 18. f5 Bc6 19. Rad1 d4 20. e4 Bd7 21. Rc1
c4 22. Kh1 cxd3 23. cxd3 b4 24. Qe2 Rc3 25. Nd2 Bb5 26. Nc4 Bxc4 27. bxc4 Rb8
28. Qd2 a5 29. Rc2 a4 30. Rb1 b3 31. axb3 Rbxb3 32. Rxb3 axb3 33. Rxc3 dxc3 34.
Qxc3 Qa3 35. c5 Qa2 36. Qc4+ Kf8 37. Qb5 Qb1+ 38. Kg2 Qa2+ 39. Kh1 Qb1+ 40. Kg2
Qa2+ 41. Kh1 1/2-1/2

[Event "DEM U14 2000"]
[Site "Überlingen GER"]
[Date "2000.06.05"]
[Round "3"]
[White "Vollstädt, Ole"]
[Black "Guttenthaler, Franz"]
[Result "0-1"]
[Termination "normal"]
[Board "9"]
[WhiteElo "1027"]
[BlackElo "2149"]
[PlyCount "84"]
[BlackFideId "4655729"]
[EventCountry "GER"]
[EventRounds "9"]
[EventType "swiss"]
[EventDate "2000.06.03"]

1. e4 Nf6 2. Nc3 d5 3. e5 Ne4 4. d4 Nxc3 5. bxc3 Bf5 6. Bd3 Bxd3 7. cxd3 e6 8.
Nf3 c5 9. dxc5 Bxc5 10. d4 Be7 11. O-O O-O 12. Rb1 b6 13. Nd2 f6 14. f4 f5 15.
Nf3 Nc6 16. Qd3 Na5 17. Nd2 Rc8 18. Nb3 Nc4 19. Rf3 Qd7 20. Rh3 g6 21. Nd2 Qa4
22. Nxc4 Rxc4 23. Qd2 Rfc8 24. Qb2 Rxd4 25. cxd4 Qd1+ 26. Kf2 Rc2+ 27. Qxc2
Qxc2+ 28. Ke1 Qxb1 29. Kd1 Qxa2 30. Bd2 Qb1+ 31. Ke2 Bb4 32. Bxb4 Qxb4 33. Kd1
Qxd4+ 34. Kc2 Qxf4 35. Ra3 a5 36. Rb3 Qc4+ 37. Rc3 Qxc3+ 38. Kxc3 b5 39. Kb3 f4
40. Kc3 b4+ 41. Kb3 g5 42. h3 h5 0-1

[Event "DEM U14 2000"]
[Site "Überlingen GER"]
[Date "2000.06.05"]
[Round "3"]
[White "Herrmann, Frank"]
[Black "Jovalekic, Oliver"]
[Result "1/2-1/2"]
[Termination "normal"]
[Board "10"]
[WhiteElo "1691"]
[BlackElo "1791"]
[PlyCount "74"]
[BlackFideId "4682530"]
[EventCountry "GER"]
[EventRounds "9"]
[EventType "swiss"]
[EventDate "2000.06.03"]

1. e4 c5 2. Nf3 Nc6 3. d4 cxd4 4. Nxd4 Nf6 5. Nc3 e5 6. Ndb5 d6 7. Bg5 a6 8.
Na3 b5 9. Nd5 Be7 10. Bxf6 Bxf6 11. c3 O-O 12. Be2 Bg5 13. O-O Ne7 14. Nxe7+
Qxe7 15. Nc2 Bb7 16. Bf3 a5 17. Qd3 Rfd8 18. Rfd1 f5 19. Qxb5 fxe4 20. Be2 Kh8
21. Bc4 Ba6 22. Qd5 Bxc4 23. Qxc4 Qb7 24. Rab1 d5 25. Qe2 Rac8 26. Qh5 Qe7 27.
Ne3 Bxe3 28. fxe3 Rc6 29. Rd2 g6 30. Qe2 Rb6 31. Rbd1 Qe6 32. c4 Rbd6 33. cxd5
Rxd5 34. Rxd5 Rxd5 35. Rxd5 Qxd5 36. b3 Kg7 37. Kf2 Kf6 1/2-1/2

[Event "DEM U14 2000"]
[Site "Überlingen GER"]
[Date "2000.06.05"]
[Round "3"]
[White "Meyer, Kai-Christian"]
[Black "Raach, Stephen"]
[Result "0-1"]
[Termination "normal"]
[Board "11"]
[WhiteElo "1642"]
[BlackElo "1895"]
[PlyCount "94"]
[WhiteFideId "4680650"]
[EventCountry "GER"]
[EventRounds "9"]
[EventType "swiss"]
[EventDate "2000.06.03"]

1. d4 Nf6 2. Nf3 g6 3. Bg5 Bg7 4. Nbd2 O-O 5. c3 d6 6. e4 h6 7. Bh4 g5 8. Bg3
Nh5 9. Bd3 e6 10. O-O a6 11. a4 Nxg3 12. hxg3 Nd7 13. Re1 c5 14. Bf1 cxd4 15.
cxd4 g4 16. Nh2 h5 17. Nb3 b6 18. f3 gxf3 19. gxf3 Qg5 20. g4 hxg4 21. fxg4 Bb7
22. Qc1 Qxc1 23. Raxc1 Rfc8 24. Bg2 Bh6 25. Rxc8+ Rxc8 26. Re2 Rc4 27. e5 Bxg2
28. Kxg2 dxe5 29. dxe5 Rb4 30. Nd2 Rxb2 31. Nhf3 Bxd2 32. Nxd2 Nxe5 33. Rxe5
Rxd2+ 34. Kg3 Rd4 35. a5 b5 36. Kf3 Ra4 37. Rc5 Rxa5 38. Rc6 Ra1 39. Rb6 Ra3+
40. Kf4 Kg7 41. Kg5 Ra4 42. Kh5 b4 43. Rb7 Ra5+ 44. g5 Rb5 45. Rc7 b3 46. Rc1
b2 47. Rb1 a5 0-1

[Event "DEM U14 2000"]
[Site "Überlingen GER"]
[Date "2000.06.05"]
[Round "3"]
[White "Stich, Christopher"]
[Black "Jachnowitsch, Kristijan"]
[Result "1-0"]
[Termination "normal"]
[Board "12"]
[WhiteElo "1418"]
[BlackElo "1697"]
[PlyCount "47"]
[EventCountry "GER"]
[EventRounds "9"]
[EventType "swiss"]
[EventDate "2000.06.03"]

1. e4 c5 2. Nf3 d6 3. d4 cxd4 4. Nxd4 Nf6 5. Nc3 a6 6. Bg5 e6 7. f4 Be7 8. Qf3
Nbd7 9. O-O-O h6 10. Bh4 Qc7 11. Bd3 g5 12. e5 dxe5 13. Nxe6 fxe6 14. Bg6+ Kd8
15. fxg5 hxg5 16. Bxg5 Rg8 17. Bxf6 Rxg6 18. Bxe7+ Kxe7 19. Rhf1 Nf6 20. Ne4
Qc6 21. Qa3+ Ke8 22. Nxf6+ Kf7 23. Ng4+ Kg7 24. Qf8+ 1-0

[Event "DEM U14 2000"]
[Site "Überlingen GER"]
[Date "2000.06.06"]
[Round "4"]
[White "Heinz, Axel"]
[Black "Baramidze, David"]
[Result "0-1"]
[Termination "normal"]
[Board "1"]
[WhiteElo "2129"]
[BlackElo "2154"]
[PlyCount "66"]
[WhiteFideId "4667557"]
[BlackFideId "4667719"]
[EventCountry "GER"]
[EventRounds "9"]
[EventType "swiss"]
[EventDate "2000.06.03"]

1. e4 c5 2. Nf3 d6 3. Bb5+ Nc6 4. Bxc6+ bxc6 5. e5 g6 6. Qe2 d5 7. d3 Bg7 8. h3
h5 9. b3 Nh6 10. O-O Qc7 11. Bb2 Nf5 12. Re1 O-O 13. Ba3 Qb6 14. Nc3 Qa5 15.
Na4 c4 16. dxc4 Ba6 17. Qd2 Qxd2 18. Nxd2 Nd4 19. Rac1 Bh6 20. Bb4 dxc4 21. Re4
Rfd8 22. Nc5 c3 23. Nxa6 Bxd2 24. Rd1 Nxc2 25. Bxe7 Nd4 26. Bxd8 c2 27. Ra1
Rxd8 28. Nc5 c1=Q+ 29. Rxc1 Bxc1 30. e6 fxe6 31. Nxe6 Nxe6 32. Rxe6 Rd1+ 33.
Kh2 Rd6 0-1

[Event "DEM U14 2000"]
[Site "Überlingen GER"]
[Date "2000.06.06"]
[Round "4"]
[White "Fehsenfeld, Frithjof"]
[Black "Nazarenus, Moritz"]
[Result "1/2-1/2"]
[Termination "normal"]
[Board "2"]
[WhiteElo "1760"]
[BlackElo "1886"]
[PlyCount "92"]
[BlackFideId "4670540"]
[EventCountry "GER"]
[EventRounds "9"]
[EventType "swiss"]
[EventDate "2000.06.03"]

1. d4 d5 2. c4 c6 3. e3 Nf6 4. Nc3 e6 5. Nf3 Bd6 6. Bd3 Nbd7 7. O-O dxc4 8.
Bxc4 b5 9. Bb3 a6 10. a3 c5 11. e4 cxd4 12. Nxd4 Nc5 13. Bc2 Bb7 14. Qe2 Bxh2+
15. Kxh2 Qxd4 16. Rd1 Qe5+ 17. f4 Qh5+ 18. Qxh5 Nxh5 19. Be3 Nd7 20. e5 g5 21.
g3 f5 22. Rd6 Ke7 23. Rad1 Rhd8 24. Bb3 Ng7 25. Ne2 Bf3 26. R1d2 Bxe2 27. Rxe2
Rdc8 28. Red2 Nf8 29. fxg5 Ne8 30. R6d3 Rc7 31. Ba2 Ng6 32. Bf4 Raa7 33. Kg2
Rc6 34. Bb3 Rac7 35. Kf2 Rc5 36. Re2 R7c6 37. Rd4 a5 38. Kf3 Nc7 39. Rd6 Nxe5+
40. Bxe5 Rxd6 41. Bxd6+ Kxd6 42. g4 fxg4+ 43. Kxg4 Nd5 44. Rh2 Rc7 45. Ba2 Rf7
46. Rh3 Ke7 1/2-1/2

[Event "DEM U14 2000"]
[Site "Überlingen GER"]
[Date "2000.06.06"]
[Round "4"]
[White "Rohde, Torsten"]
[Black "Siepmann, Martin"]
[Result "1-0"]
[Termination "normal"]
[Board "3"]
[WhiteElo "2071"]
[BlackElo "1666"]
[PlyCount "63"]
[WhiteFideId "4665007"]
[EventCountry "GER"]
[EventRounds "9"]
[EventType "swiss"]
[EventDate "2000.06.03"]

1. e4 c5 2. Nf3 a6 3. c4 e6 4. d4 cxd4 5. Nxd4 d6 6. Nc3 Nf6 7. Bg5 Be7 8. f4
Nbd7 9. Qf3 Qb6 10. O-O-O h6 11. Bh4 O-O 12. Be2 Qc7 13. Qg3 Nc5 14. Bf3 Ne8
15. Bxe7 Qxe7 16. Kb1 Rb8 17. Qf2 Bd7 18. g4 Na4 19. Nxa4 Bxa4 20. b3 Bd7 21.
h4 b5 22. cxb5 Bxb5 23. Nxb5 Rxb5 24. g5 Kh8 25. gxh6 gxh6 26. Rhg1 Rg8 27.
Rxg8+ Kxg8 28. Rg1+ Kh7 29. Be2 Ra5 30. Qg3 Qf8 31. b4 Ra4 32. Qb3 1-0

[Event "DEM U14 2000"]
[Site "Überlingen GER"]
[Date "2000.06.06"]
[Round "4"]
[White "Knörzer, Michael"]
[Black "Fiebig, Thomas"]
[Result "1-0"]
[Termination "normal"]
[Board "5"]
[WhiteElo "1826"]
[BlackElo "1636"]
[PlyCount "181"]
[BlackFideId "4693922"]
[EventCountry "GER"]
[EventRounds "9"]
[EventType "swiss"]
[EventDate "2000.06.03"]

1. d4 d5 2. c4 e6 3. Nc3 Nf6 4. Nf3 Be7 5. g3 c6 6. Bg2 O-O 7. O-O Nbd7 8. Qd3
dxc4 9. Qxc4 c5 10. Rd1 Nb6 11. Qb3 c4 12. Qc2 Nfd5 13. a3 Bd7 14. Nd2 Nxc3 15.
Qxc3 Ba4 16. Re1 Bf6 17. e3 Qe7 18. Nxc4 Rac8 19. b3 Bb5 20. Qa5 Bxc4 21. bxc4
Nxc4 22. Qxa7 Rc7 23. Qa4 Rfc8 24. Qb3 Na5 25. Qb5 Nc4 26. Qb3 Na5 27. Qb5 Nc4
28. a4 b6 29. Bf1 e5 30. Bxc4 Rxc4 31. Ba3 Qe8 32. Qxb6 exd4 33. exd4 Qd7 34.
Bc5 Bxd4 35. Bxd4 Rxd4 36. a5 Rd6 37. Qb4 Ra8 38. a6 g6 39. a7 Qc7 40. Qb2 Rdd8
41. Qf6 Rf8 42. Re7 Qd8 43. Qe5 Qb6 44. Qc7 Qxc7 45. Rxc7 Kg7 46. Rb1 Kg8 47.
Rbb7 Kg7 48. Kg2 Kg8 49. Kf3 Rae8 50. h4 Kg7 51. Kf4 Rd8 52. Kg4 Rd4+ 53. Kh3
Ra4 54. g4 Ra3+ 55. Kg2 h6 56. f3 Ra2+ 57. Kg3 Ra4 58. Rd7 Ra1 59. Kf4 Ra2 60.
g5 h5 61. Ke5 Re2+ 62. Kd4 Rd2+ 63. Ke4 Re2+ 64. Kd3 Ra2 65. f4 Ra1 66. Kc2 Ra6
67. Kc3 Ra1 68. Kb2 Ra5 69. f5 gxf5 70. Kc3 Ra1 71. Kd2 Ra2+ 72. Ke3 Ra1 73.
Kf4 Rf1+ 74. Ke5 Re1+ 75. Kxf5 Rf1+ 76. Ke4 Re1+ 77. Kd3 Ra1 78. Kc3 Ra6 79.
Kb4 Ra1 80. Rb6 Ra8 81. Rf6 Rf8 82. Kb5 Rb1+ 83. Ka6 Ra1+ 84. Kb7 Rb1+ 85. Rb6
Ra1 86. g6 Kg8 87. Rxf7 Re8 88. Rc7 Rf8 89. Rcc6 Re1 90. Ra6 Rb1+ 91. Rcb6 1-0

[Event "DEM U14 2000"]
[Site "Überlingen GER"]
[Date "2000.06.06"]
[Round "4"]
[White "Guttenthaler, Franz"]
[Black "Laßan, Christian"]
[Result "1-0"]
[Termination "normal"]
[Board "6"]
[WhiteElo "2149"]
[BlackElo "1684"]
[PlyCount "81"]
[WhiteFideId "4655729"]
[BlackFideId "4685997"]
[EventCountry "GER"]
[EventRounds "9"]
[EventType "swiss"]
[EventDate "2000.06.03"]

1. e4 d5 2. exd5 Nf6 3. d4 Nxd5 4. c4 Nb6 5. Nf3 g6 6. Be2 Bg7 7. O-O O-O 8. h3
Nc6 9. Be3 e5 10. d5 Ne7 11. Nc3 Re8 12. a4 Nf5 13. a5 Nd7 14. Qd2 Nxe3 15.
fxe3 Nc5 16. Bd1 e4 17. Ne1 f5 18. b4 Nd7 19. Bb3 Kh8 20. Rd1 a6 21. c5 Qg5 22.
Ne2 Ne5 23. Nf4 Bd7 24. d6 cxd6 25. cxd6 Rad8 26. Nd5 Bb5 27. Nc7 Bxf1 28. Nxe8
Rxe8 29. Kxf1 Rd8 30. Be6 Qf6 31. Qd5 Bf8 32. d7 Bxb4 33. Rc1 Nc6 34. Nc2 Bxa5
35. Nd4 Nxd4 36. Qxa5 Nxe6 37. Rc8 Qe7 38. Qe5+ Qg7 39. Qxe6 Qa1+ 40. Kf2 Qb2+
41. Kg1 1-0

[Event "DEM U14 2000"]
[Site "Überlingen GER"]
[Date "2000.06.06"]
[Round "4"]
[White "Herzenstein, Georg"]
[Black "Krämer, Martin"]
[Result "1/2-1/2"]
[Termination "normal"]
[Board "7"]
[WhiteElo "1615"]
[BlackElo "1801"]
[PlyCount "48"]
[WhiteFideId "4678400"]
[BlackFideId "4671910"]
[EventCountry "GER"]
[EventRounds "9"]
[EventType "swiss"]
[EventDate "2000.06.03"]

1. e4 c5 2. f4 Nc6 3. Nc3 g6 4. Nf3 Bg7 5. Bb5 d6 6. O-O e6 7. d3 Nge7 8. Ne2
O-O 9. c3 a6 10. Bxc6 Nxc6 11. Qe1 b5 12. g4 f5 13. g5 e5 14. Qg3 Qe7 15. h4
Be6 16. Rf2 fxe4 17. dxe4 d5 18. exd5 Bxd5 19. Bd2 Rae8 20. Nh2 e4 21. Be3 b4
22. h5 Bc4 23. hxg6 hxg6 24. Ng4 Be6 1/2-1/2

[Event "DEM U14 2000"]
[Site "Überlingen GER"]
[Date "2000.06.06"]
[Round "4"]
[White "Jovalekic, Oliver"]
[Black "Werner, Daniel"]
[Result "0-1"]
[Termination "normal"]
[Board "8"]
[WhiteElo "1791"]
[BlackElo "2030"]
[PlyCount "54"]
[WhiteFideId "4682530"]
[BlackFideId "4662814"]
[EventCountry "GER"]
[EventRounds "9"]
[EventType "swiss"]
[EventDate "2000.06.03"]

1. d4 Nf6 2. Nf3 e6 3. e3 b6 4. Bd3 Bb7 5. Nbd2 Be7 6. O-O d5 7. Ne5 O-O 8. c3
Nbd7 9. Qe2 c5 10. a3 Qc7 11. f4 Ne4 12. Qf3 Ndf6 13. g4 Nxd2 14. Bxd2 Ne4 15.
Qe2 Bd6 16. Rad1 f6 17. Nf3 e5 18. dxc5 Nxc5 19. Nh4 exf4 20. Nf5 Nxd3 21. Qxd3
fxe3 22. Nxd6 Qxd6 23. Bxe3 Qe6 24. h3 Ba6 25. Qxa6 Qxe3+ 26. Kg2 Qe4+ 27. Rf3
Qe2+ 0-1

[Event "DEM U14 2000"]
[Site "Überlingen GER"]
[Date "2000.06.06"]
[Round "4"]
[White "Raach, Stephen"]
[Black "Herrmann, Frank"]
[Result "1-0"]
[Termination "normal"]
[Board "9"]
[WhiteElo "1895"]
[BlackElo "1691"]
[PlyCount "47"]
[EventCountry "GER"]
[EventRounds "9"]
[EventType "swiss"]
[EventDate "2000.06.03"]

1. e4 c5 2. Nc3 Nc6 3. f4 g6 4. Nf3 Bg7 5. Bc4 e6 6. f5 Nge7 7. fxe6 fxe6 8. a3
d5 9. Ba2 O-O 10. O-O Kh8 11. d3 Rb8 12. Kh1 b5 13. Qe1 b4 14. axb4 Nxb4 15.
Bb3 Qc7 16. Bd2 Nxd3 17. Qh4 Nb4 18. Ng5 h6 19. Rxf8+ Bxf8 20. Bf4 Qb7 21. Nf7+
Kg8 22. Nxh6+ Bxh6 23. Qxh6 Nbc6 24. exd5 1-0

[Event "DEM U14 2000"]
[Site "Überlingen GER"]
[Date "2000.06.06"]
[Round "4"]
[White "Schneider, Andreas"]
[Black "Stich, Christopher"]
[Result "1-0"]
[Termination "normal"]
[Board "10"]
[WhiteElo "1879"]
[BlackElo "1418"]
[PlyCount "49"]
[WhiteFideId "24606022"]
[EventCountry "GER"]
[EventRounds "9"]
[EventType "swiss"]
[EventDate "2000.06.03"]

1. c4 Nf6 2. Nc3 e6 3. g3 d5 4. cxd5 Nxd5 5. Bg2 c6 6. a3 Nd7 7. e4 N5f6 8. d4
Be7 9. f4 O-O 10. Nf3 Qb6 11. O-O c5 12. Kh1 Rd8 13. e5 Ng4 14. h3 Nh6 15. d5
Bf8 16. d6 f6 17. Qc2 Nf7 18. Re1 Nxd6 19. exd6 Qxd6 20. Be3 e5 21. Rad1 Qe7
22. Nd5 Qf7 23. Nc7 Rb8 24. Ng5 Qg6 25. Bd5+ 1-0

[Event "DEM U14 2000"]
[Site "Überlingen GER"]
[Date "2000.06.06"]
[Round "4"]
[White "Dorongovski, Michael"]
[Black "Vollstädt, Ole"]
[Result "1-0"]
[Termination "normal"]
[Board "11"]
[WhiteElo "1193"]
[BlackElo "1027"]
[PlyCount "101"]
[EventCountry "GER"]
[EventRounds "9"]
[EventType "swiss"]
[EventDate "2000.06.03"]

1. e4 c5 2. c4 Nc6 3. b3 Nf6 4. d3 e6 5. Bb2 d5 6. exd5 exd5 7. Nd2 d4 8. Ngf3
Bd6 9. Be2 O-O 10. O-O Bf5 11. a3 h6 12. Re1 Re8 13. h3 Qd7 14. Qc2 Re7 15. Bf1
Rae8 16. Rxe7 Rxe7 17. Re1 Rxe1 18. Nxe1 Qe6 19. Nef3 a5 20. Qd1 Nd7 21. g4 Bg6
22. Qe2 Qxe2 23. Bxe2 Nde5 24. Nxe5 Nxe5 25. Ne4 Bxe4 26. dxe4 Kf8 27. f4 Nc6
28. e5 Bc7 29. Bf3 Ke7 30. Bc1 f6 31. exf6+ Kxf6 32. Bd5 g6 33. Kf2 h5 34. Kf3
Bd6 35. Bd2 Bc7 36. Ke4 Bd8 37. Bxc6 bxc6 38. b4 axb4 39. axb4 Bb6 40. bxc5
Bxc5 41. Bc1 Bb6 42. gxh5 gxh5 43. f5 d3 44. h4 Ba5 45. Bg5+ Kf7 46. Kxd3 Bb4
47. Ke4 Be7 48. Bxe7 Kxe7 49. c5 Kf7 50. Ke5 Ke7 51. f6+ 1-0